00469nam a2200193 a 4500001001300000003000900013005001700022008004100039020001000080082001600090100001900106245001400125260003300139300001000172500003500182505001700217650002200234700001900256nice12345678IN_TiNIC20260116011652.0050524s1949 beia grd 000 0 ara  ac10000a492.73bMAL aMaluf, Pauloos aAl-Munjid aBeirutbCatholic Pressc1949 a1093p aincludes index and biblioraphy2 aNotes, Index aDictionary-Arabic1 aMaluf, Pauloos